000 00523nam a2200181Ia 4500
001 32498
003 IN-NITTTR
005 20251114233434.0
008 251113s9999||||xx |||||||||||||| ||eng||
040 _beng
040 _cIN-NITTTR
041 _aeng
082 _aTK7872.D48 B833 2016eb
100 _aBudampati, Ramakrishna
245 0 _aIndustrial Wireless Sensor Networks :
_b Monitoring, Control and Automation /
_cBudampati, Ramakrishna, Kolavennu, Soumitri
700 _a Kolavennu, Soumitri
942 _2ddc
_cBK
999 _c35434
_d35434